| 000 | 01312cab a2200421 4500 | ||
|---|---|---|---|
| 001 | ABS55133 | ||
| 008 | 090401t1996 xxu||||| |||| 00| 0 eng d | ||
| 035 | _a(Sirsi) u14433 | ||
| 041 | _aeng | ||
| 245 | _aOffice trends `96 | ||
| 260 | _c1996 | ||
| 300 | _aLoan | ||
| 350 | _a0 | ||
| 490 |
_aEstates Gazette _vSupplement 10 May 1996, 3-84(37) |
||
| 520 | _aHighlights latest thinking in all aspects of office development, management, maintenance, and the market for office space. | ||
| 650 | _aBENCHMARKING | ||
| 650 | _aPROPERTY-COMMERCIAL PROPERTY | ||
| 650 |
_aFACILITIES MANAGEMENT _96240 |
||
| 650 | _aLATHAM REFORMS | ||
| 650 | _aLOCATIONAL CHANGE | ||
| 650 | _aMIXED-USE BUILDINGS | ||
| 650 | _aOCCUPIER REQUIREMENTS | ||
| 650 | _aOFFICE BUILDING AND DESIGN | ||
| 650 | _aOFFICE DEVELOPMENT | ||
| 650 | _aOFFICE MAINTENANCE | ||
| 650 | _aOFFICE MANAGEMENT | ||
| 650 | _aPROPERTY-COMMERCIAL PROPERTY-OFFICE PROPERTY-OFFICE PROPERTY MARKET | ||
| 650 | _aOFFICE SECURITY | ||
| 650 | _aOFFICE TECHNOLOGY | ||
| 650 | _aPROPERTY INSURANCE | ||
| 650 | _aSERVICED OFFICES | ||
| 650 | _aTRANSITIONAL RELIEF | ||
| 650 | _aWIRELESS TECHNOLOGY | ||
| 690 | _aPROPERTY-COMMERCIAL PROPERTY | ||
| 690 | _aOFFICE SERVICES AND ADMINISTRATION | ||
| 942 | _n0 | ||
| 948 | _c04/03/1997 | ||
| 999 |
_c9403 _d9403 |
||